000 02132nam0a2200409 4500
001 RU\NLR\bibl\15871
005 20260405121651.0
010 _a5-89208-011-0
035 _a(NLR Aleph) 000015500
090 _a64171
_c64171
100 _a19990312d1998 |||y0rusy50 ca
101 0 _arus
_deng
102 _aRU
105 _aa |||||||||
200 1 _aКультурный ландшафт Русского Севера
_eПинежье, Поморье
_eПервый темат. вып. докл. семинара
_fКалуцков В.Н., Иванова А.А., Давыдова Ю.А. и др.
_gСеминар "Культ. ландшафт"
210 _aМ.
_cИзд-во ФМБК
_d1998
215 _a136 с.
_cил., портр., карт.
_d24
300 _aНа 136-й с. авт.: В.Н. Калуцков, географ и др.
300 _aРез. на англ. яз.
320 _aБиблиогр. в конце докл.
606 0 _aКультурные ландшафты
_yРоссия
_yЕвропейская часть
_yСевер
_92457166
_3RU\NLR\auth\661460418
606 1 _aЭтнография
_jСборники
_yРоссийская Федерация
_yЕвропейская часть
_yСевер
_92164708
_3RU\NLR\auth\661302562
607 _aРоссийская Федерация
_jСборники
_xКультура
_yЕвропейская часть
_yСевер
_92457167
_3RU\NLR\auth\661460419
686 _aД821.6(2Р31)
686 _aТ3(2Р31)0-7я43
686 _aТ52(23=7,1)я43
701 1 _4070
_7ca
_8rus
_aКалуцков
_bВ. Н.
_cд-р геогр. наук
_f1953-
_gВладимир Николаевич
_930578
_3RU\NLR\AUTH\7747643
701 1 _4070
_8rus
_7ca
_aИванова
_bА. А.
_cканд. филол. наук, фольклор
_f1954-
_gАнна Александровна
_3RU\NLR\auth\7747642
_930577
701 1 _aДавыдова
_bЮ. А.
_4070
801 0 _aRU
_bNLR
_c19990312
_gPSBO
801 1 _aRU
_bNLR
_c19990312
852 _aNLR
_j98-7/1583
942 _cBOOK
980 _aNB